000 00509nam a22001817a 4500
003 CEME
005 20210628204159.0
008 210105b xxu||||| |||| 00| 0 eng d
020 _a9781118358535
040 _c.
082 _a658.11 KAP
100 _aKaplan, Jack.M, Warren, Anthony.C
_969158
245 _aPatterns of entrepreneurship management
260 _aUSA
_bWILEY
_c2013
300 _aXXII, 377P
650 _aENTREPRENEURSHIP MANAGEMENT.PATTERNS OF ENTREPRENEURSHIP.
_969159
942 _cBK
_2ddc
999 _c576545
_d576545